000 00533nam a22002297a 4500
003 UA-OsUOA
001 39975
007 ta
008 20080526b un ||||| |||| 00| 0 ukr d
100 _aKraefft Hans-Joachim
090 _a82-3
942 _cBK
040 _aUA-OsUOA
_bger
_cUA-OsUOA
_dUA-OsUOA
245 _aWegzeichen
300 _a95 с.
955 _a3
041 _ager
080 _a82-3
260 _aRudolstadt
_c1976
650 7 _a82 Література. Літературознавство
_2UDC
999 _c438488
_d438488